000 00581nam a2200229Ia 4500
005 20250425161742.0
008 250425s9999 xx 000 0 und d
020 _a9681804635
041 _aspa
082 _a628.16
110 _aDEPARTAMENTO DE SANIDAD DEL ESTADO DE NUEVA YORK, ALBANY
245 0 _aMANUAL DE TRATAMIENTO DE AGUAS
250 _a1A ED.
260 _aMEXICO
260 _aMéxico
_bLIMUSA
_c1996
300 _a205
650 _aAGUA-TRATAMIENTO
650 _aCLORACION
700 _aRAUL GUERRERO TORRES
_etraductor
942 _c01
010 _a27554
999 _c215379
_d215379